| 000 | 00358nam a2200133Ia 4500 | ||
|---|---|---|---|
| 008 | 231017s9999 xx 000 0 und d | ||
| 082 | _a624.151 | ||
| 082 | _bGEO | ||
| 245 | 0 | _aGeophysical Exploration for Engineering and Environmental Investigations | |
| 245 | 0 | _cUS Army Corps of Eng | |
| 260 | _bUS Army Corps of Eng | ||
| 300 | _c30cm | ||
| 942 | _cREP | ||
| 999 |
_c604077 _d604077 |
||